NBA Players by Jersey Number - Statistics

General Stats
  • This quiz has been taken 23 times
  • The average score is 34 of 75
Answer Stats
Hint Difficulty Answer % Correct
Jayson Tatum Easy 0
95%
Luka Doncic Easy 77
95%
Steph Curry Easy 30
90%
James Harden (HOU) Easy 13
85%
Kevin Durant (GSW) Easy 35
85%
Victor Wembanyama Easy 1
80%
Kyrie Irving (BKN) Easy 11
80%
Shai Gilgeous-Alexander Easy 2
80%
Giannis Antetokounmpo Easy 34
80%
Damian Lillard Easy 0
75%
Nikola Jokic Easy 15
75%
Cade Cunningham Easy 2
75%
Russell Westbrook (OKC) Easy 0
70%
Tyrese Maxey Easy 0
70%
Jalen Brunson (NYK) Easy 11
70%
Kawhi Leonard Easy 2
70%
Anthony Edwards (High) Easy 5
70%
Jaylen Brown Easy 7
70%
Paul George (IND, Low) Easy 13
65%
Joel Embiid Easy 21
65%
Rudy Gobert Easy 27
65%
Karl-Anthony Towns Easy 32
65%
Donovan Mitchell Easy 45
65%
Donte DiVincenzo Medium 0
60%
Jamal Murray Easy 27
60%
Josh Hart (NYK) Medium 3
60%
Chet Holmgren Easy 7
60%
Tyler Herro Medium 14
55%
Rui Hachimura (LAL) Medium 28
55%
Luguentz Dort Medium 5
55%
Kelly Oubre Jr Medium 9
55%
Dylan Harper Medium 2
50%
Lauri Markkanen Medium 23
45%
Harrison Barnes Medium 40
45%
Kevon Looney (GSW) Medium 5
45%
Neemias Queta Medium 88
45%
D'Angelo Russell (BKN) Medium 1
40%
Jalen Suggs Medium 4
40%
VJ Edgecombe Medium 77
40%
Zaccharie Risacher Hard 10
35%
Jakob Poeltl (TOR, Low) Medium 19
35%
Josh Giddey Medium 3
35%
Keyonte George Hard 3
35%
Nikola Vucevic (BOS) Medium 4
35%
Jake LaRavia (LAL) Hard 12
30%
Miles McBride Hard 2
30%
Julian Champaigne (SAS) Medium 30
30%
Ivica Zubac Hard 40
30%
Luka Garza Hard 52
30%
Nickeil Alexander-Walker (ATL) Medium 7
30%
Domantas Sabonis (SAC, Low) Medium 10
25%
Ace Bailey Hard 19
25%
Quinten Post Hard 21
25%
Donovan Clingan Medium 23
25%
Marcus Sasser Hard 25
25%
Aaron Gordon (DEN, High) Medium 50
25%
Paul Reed (DET) Hard 7
25%
Ziaire Williams Hard 1
20%
Moussa Diabate Hard 14
20%
Kyshawn George Hard 18
20%
AJ Green Hard 20
20%
Kyle Filipowski Hard 22
20%
Isaiah Jackson (LAC) Hard 23
20%
Buddy Hield (SAC) Medium 24
20%
Caris LeVert (CLE) Hard 3
20%
Adem Bona Hard 30
20%
Jock Landale Medium 31
20%
Landry Shamet (NYK) Hard 44
20%
Duncan Robinson Medium 55
20%
Bennedict Mathurin (LAC) Hard 9
20%
Jaylon Tyson (High) Hard 20
15%
Jeremy Sochan (NYK) Hard 20
15%
Charles Bassey (GSW) Hard 28
15%
Brice Sensabaugh (High) Hard 28
15%
Trey Jemison III Hard 50
15%
No matching quizzes found
Score Distribution
Percent of People with Each Score
Percentile by Number Answered
Your Score History
You have not taken this quiz